Violencia y castigo desde una perspectiva integral /

Đã lưu trong:
Chi tiết về thư mục
Tác giả chính: Gomáriz Moraga, Enrique
Định dạng: Texto
Những chủ đề:
Các nhãn: Thêm thẻ
Không có thẻ, Là người đầu tiên thẻ bản ghi này!

MARC

LEADER 00000 a a2200000 04500
001 10845
003
040
100 |a Gomáriz Moraga, Enrique  
245 |a Violencia y castigo desde una perspectiva integral /  |c Enrique Gomáriz Moraga 
650 |a INTERVENCION DEL ESTADO  
650 |a DELINCUENCIA  
650 |a SISTEMA JUDICIAL  
650 |a VIOLENCIA  
650 |a AMERICA LATINA  
773 |g número 208; páginas 128-141  
999 |c 23528  |d 23528